Galicia : (Record no. 114683)

MARC details
000 -LEADER
campo de control de longitud fija 00583nam a2200217 i 4500
001 - NÚMERO DE CONTROL
campo de control 114683
003 - IDENTIFICADOR DE NÚMERO DE CONTROL
campo de control ES-MaACL
005 - FECHA Y HORA DE LA ÚLTIMA TRANSACCIÓN
campo de control 20230906190227.0
007 - CAMPO FIJO DE DESCRIPCIÓN FÍSICA--INFORMACIÓN GENERAL
campo de control de longitud fija q|
008 - DATOS DE LONGITUD FIJA--INFORMACIÓN GENERAL
campo de control de longitud fija 070320q1934 sp ||||1| spa d
080 ## - NÚMERO DE LA CLASIFICACIÓN DECIMAL UNIVERSAL
Número de la Clasificación Decimal Universal 78.089.6
100 1# - ENTRADA PRINCIPAL--NOMBRE DE PERSONA
Nombre de persona Peralta, M.
9 (RLIN) 90375
245 10 - MENCIÓN DEL TÍTULO
Título Galicia :
Resto del título paso doble ; Pericón gaucho [
Medio Música impresa] /
Mención de responsabilidad, etc. M. Peralta.
246 3# - FORMA VARIANTE DEL TITULO
Título propio/Titulo breve Pericón gaucho
260 ## - PUBLICACIÓN, DISTRIBUCIÓN, ETC.
Lugar de publicación, distribución, etc. Madrid :
Nombre del editor, distribuidor, etc. [s.n.,
Fecha de publicación, distribución, etc. 1934?]
300 ## - DESCRIPCIÓN FÍSICA
Extensión [7] h. ;
Dimensiones 25 cm.
650 #4 - PUNTO DE ACCESO ADICIONAL DE MATERIA--TÉRMINO DE MATERIA
Término de materia o nombre geográfico como elemento de entrada Partituras.
9 (RLIN) 15877
852 4# - LOCALIZACIÓN
Ubicación ES-MaACL
Número de control de estantería 1766-F-4
942 ## - ELEMENTOS DE ENTRADA SECUNDARIOS (KOHA)
Fuente del sistema de clasificación o colocación Clasificación decimal universal
Holdings
Estatus retirado Estado de pérdida Fuente del sistema de clasificación o colocación Estado de daño No para préstamo Colección Biblioteca de origen Biblioteca actual Ubicación en estantería Fecha de adquisición Total de préstamos Signatura topográfica completa Código de barras Visto por última vez Precio de reemplazo Tipo de ítem Koha
    Clasificación decimal universal     Colección de folletos Biblioteca del Ateneo de Madrid Biblioteca del Ateneo de Madrid Depósito folletos 17/01/2008   1766-F-4 1119594 23/02/2023 23/02/2023 Folleto